| 000 | 01695nam a2200253Ia 4500 | ||
|---|---|---|---|
| 999 |
_c51936 _d51936 |
||
| 001 | 18936 | ||
| 003 | GE_BSU | ||
| 005 | 20210426142341.0 | ||
| 008 | 181216s2013||||ge |||||||||||||| ||geo|| | ||
| 040 | _cGE_BSU | ||
| 041 | _ageo | ||
| 080 | _a63 ც-51 | ||
| 100 |
_aცეცხლაძე, ცისანა _911619 |
||
| 245 |
_aქერის ნაცრის გამომწვევის Blumeria graminis DS.f. sp. Hordei Marchal შიდა სახეობრივი დიფერენციაცია საქართველოში / _cცისანა ცეცხლაძე; სამეცნიერო ხელმძღვანელი გ. მეფარიშვილი, შ. ლამპარაძე; ბათუმის შოთა რუსთაველის სახ-ფო უნ-ტი. |
||
| 264 |
_aბათუმი, _c2013. |
||
| 300 |
_a146 გვ. ; _b30 სმ. |
||
| 653 | _aდისერტაცია | ||
| 653 | _aსოფლის მეურნეობა | ||
| 653 | _aქერის ნაცრის გამომწვევის Blumeria graminis DS.f. sp. Hordei Marchal შიდა სახეობრივი დიფერენციაცია საქართველოში | ||
| 700 |
_aმეფარიშვილი, გ. _eსამეცნიერო ხელმძღვანელი _911607 |
||
| 700 |
_aლამპარაძე, შ. _eსამეცნიერო ხელმძღვანელი _91799 |
||
| 710 |
_aბათუმის შოთა რუსთაველის სახ-ფო უნ-ტი _911620 |
||
| 942 |
_cBK _2udc |
||